000 00558nam a2200181Ia 4500
001 11649
005 20260306162843.0
008 260306t2022||||xx |||||||||||||| ||spa||
041 _aESP
082 _a985.63
_bD18P
100 _aDalen Luna, Pieter D. van,
_eAUT
245 0 _aProceso histórico de San Pedro de Caraybamba :
_barqueología de la nación Aymaraes. Caraybamba y Aymaraes en la colonia, independencia y la república
260 _c2022
300 _a293 páginas :
_c25 cm.
650 _aGEN
654 _aCHU
942 _cLIB
_dJUS
_fJUS
_2ddc
_n
999 _c11649
_d11649